=LDR 00000nam 2200000 4500 =001 INLIS000000000008003 =005 20260204105815 =035 ##$$a 0010-0226000151 =007 ta =008 260204################g##########|#ind## =082 ##$$a 301.3207 =084 ##$$a 301.3207 BUK b =100 #$$a Buku Sumber Pendidikan =245 1#$$a Buku Sumber Pendidikan Kependudukan Indonesia : $b Proyek Nasional Pendidikan Kependudukan Departemen Pendidikan dan Kebudayaan Jakarta dan Unesco Regional Office for Education in ASIA BANGKOK =260 ##$$a Jakarta :$b Kependudukan Indonesia,$c 1977 =300 ##$$a viii, 343 hlm : $b Terdapat tabel =856 ##$$a Perpustakaan UPT. Balai Diklat KKB Ambarawa